|
|
|
|
| LEADER |
01227nam a2200301 a 4500 |
| 001 |
28772 |
| 003 |
BD-DhAAL |
| 008 |
150114s2014 bg a b 001 0 eng d |
| 020 |
|
|
|a 9789211263688
|
| 020 |
|
|
|a 9789210566599
|
| 040 |
|
|
|a EUW
|c EUW
|d OCLCQ
|d OCL
|d UKM
|d IXA
|d BAKER
|d CCH
|d BD-DhAAL
|
| 082 |
0 |
4 |
|a 338.9
|2 22
|
| 245 |
0 |
0 |
|a Sustaining Human Progress :
|b reducing vulnerabilities and building resilience.
|
| 260 |
|
|
|a New York, N.Y. :
|b United Nations Development Programme,
|c c2014.
|
| 300 |
|
|
|a ix, 225 p. :
|b ill., tables ;
|c 28 cm.
|
| 490 |
|
0 |
|a Human development report 2004
|
| 500 |
|
|
|a "Published for the United Nations Development Programme (UNDP)."
|
| 504 |
|
|
|a Includes bibliographical references and index.
|
| 541 |
1 |
|
|e 28772
|
| 650 |
|
0 |
|a Economic development
|9 7386
|
| 650 |
|
0 |
|a Economic development
|x Social aspects.
|9 6350
|
| 650 |
|
2 |
|a Cultural Diversity.
|9 7387
|
| 650 |
|
2 |
|a Economic policy.
|9 7388
|
| 710 |
2 |
|
|a United Nations Development Programme.
|9 7389
|
| 852 |
4 |
|
|a Ayesha Abed Library
|j General Shelf.
|
| 942 |
|
|
|2 ddc
|c BK
|
| 999 |
|
|
|c 33483
|d 33483
|
| 952 |
|
|
|0 0
|1 0
|2 ddc
|4 0
|6 338_900000000000000_SUS
|7 0
|9 44759
|a BRACUL
|b BRACUL
|c GEN
|d 2015-01-14
|l 0
|o 338.9 SUS
|p 3010028772
|r 2015-01-14
|t 1
|w 2015-01-14
|y BK
|